000 00650nam a2200217 i 4500
001 bg
003 BPK
005 20200117105007.0
008 s1971 pl a f f |000 0 pol
040 _cBPK
041 _apol
080 _a531
080 _a(076)
100 1 _aRomicki, Romuald
_d(1901-1979)
_eAutor
245 0 _aRozwiązania zadań z mechaniki /
_cRomuald Romicki.
260 _aWarszawa :
_bPaństwowe Wydawnictwo Naukowe,
_c1971.
655 4 _aĆwiczenia i zadania
650 4 _aMechanika
856 _uhttp://koha.tu.koszalin.pl/cgi-bin/koha/opac-detail.pl?biblionumber=7369
_yKatalog online BPK
942 _cKS
_2UKD
999 _c7369
_d7369